[Event "Santo Domingo Independencia op 8th"]
[Site "Santo Domingo"]
[Date "2019.02.24"]
[Round "8"]
[White "Rodriguez Ramirez, Wilfredo"]
[Black "Perez Feliz, Jose Enrique"]
[Result "0-1"]
[WhiteElo "1794"]
[BlackElo "1930"]
[PlyCount "114"]
[EventDate "2019.02.15"]
[EventType "swiss"]
[EventRounds "8"]
[EventCountry "DOM"]
[SourceTitle "CBM 189 Extra"]
[Source "ChessBase"]
[SourceDate "2019.06.03"]
[SourceVersion "1"]
[SourceVersionDate "2019.06.03"]
[SourceQuality "1"]

1. d4 Nf6 2. c4 e5 3. d5 Bc5 4. Nc3 d6 5. e4 Bg4 6. Be2 Bxe2 7. Qxe2 h6 8. Nf3 Nbd7 9. 0-0 Qe7 10. a3 a6 11. b4 Ba7 12. Be3 Bxe3 13. Qxe3 0-0 14. Ne2 Ng4 15. Qd3 f5 16. Ng3 fxe4 17. Nxe4 Ndf6 18. Nfd2 Nxe4 19. Nxe4 Qh4 20. Qg3 Qxg3 21. Nxg3 Rf4 22. h3 Nf6 23. Rac1 Kf7 24. f3 Rd4 25. Rc3 g6 26. Re1 Nd7 27. Ne4 Nb6 28. Rec1 a5 29. b5 Na4 30. Rb3 b6 31. Kf2 Re8 32. Ke3 Nc5 33. Nxc5 dxc5 34. a4 Ke7 35. Ke2 Rf8 36. g3 h5 37. Re3 Kd6 38. Re4 g5 39. Ke3 Rg8 40. Rf1 Rf8 41. f4 Rxe4+ 42. Kxe4 exf4 43. gxf4 gxf4 44. Rxf4 Re8+ 45. Kf5 Re3 46. h4 Ra3 47. Kg5 Rxa4 48. Kxh5 Rb4 49. Kg5 a4 50. h5 a3 51. Rf3 a2 52. Ra3 Rb2 53. h6 Rg2+ 54. Kf6 Rf2+ 55. Kg7 Rg2+ 56. Kh8 Ke5 57. h7 Kd4 0-1

[Event "Santo Domingo Independencia op 8th"]
[Site "Santo Domingo"]
[Date "2019.02.23"]
[Round "6"]
[White "Rodriguez Ramirez, Wilfredo"]
[Black "Soto Lora, Jose Santiago"]
[Result "1-0"]
[WhiteElo "1794"]
[BlackElo "1994"]
[PlyCount "87"]
[EventDate "2019.02.15"]
[EventType "swiss"]
[EventRounds "8"]
[EventCountry "DOM"]
[SourceTitle "CBM 189 Extra"]
[Source "ChessBase"]
[SourceDate "2019.06.03"]
[SourceVersion "1"]
[SourceVersionDate "2019.06.03"]
[SourceQuality "1"]

1. d4 Nf6 2. c4 g6 3. Nc3 Bg7 4. e4 0-0 5. Bd3 d6 6. Nge2 Nc6 7. f3 e5 8. d5 Nd4 9. Nxd4 exd4 10. Ne2 Nd7 11. Bc2 Ne5 12. Bb3 c5 13. dxc6 Qh4+ 14. Ng3 bxc6 15. 0-0 c5 16. Qd2 Be6 17. Qg5 Qxg5 18. Bxg5 Nxc4 19. Bxc4 Bxc4 20. Rfc1 Ba6 21. Be7 Rfc8 22. Bxd6 c4 23. Kf2 d3 24. e5 f6 25. f4 f5 26. Nf1 Rc6 27. Nd2 Rac8 28. Rc3 Kf7 29. Ba3 Ke6 30. Ke3 g5 31. g3 g4 32. Rac1 Kd5 33. b3 Bf8 34. Bxf8 Rxf8 35. bxc4+ Kc5 36. Rxd3 Rh6 37. Nb3+ Kb4 38. Rc2 Bb7 39. Rd4 Be4 40. c5+ Kb5 41. Rcd2 Ra6 42. Rd6 Ra3 43. e6 Ra4 44. c6 1-0

[Event "Santo Domingo Independencia op 8th"]
[Site "Santo Domingo"]
[Date "2019.02.16"]
[Round "3"]
[White "Rodriguez Ramirez, Wilfredo"]
[Black "Zorrilla Jimenez, Wilber Edwin"]
[Result "1-0"]
[WhiteElo "1794"]
[BlackElo "2059"]
[PlyCount "97"]
[EventDate "2019.02.15"]
[EventType "swiss"]
[EventRounds "8"]
[EventCountry "DOM"]
[SourceTitle "CBM 189 Extra"]
[Source "ChessBase"]
[SourceDate "2019.06.03"]
[SourceVersion "1"]
[SourceVersionDate "2019.06.03"]
[SourceQuality "1"]

1. d4 Nf6 2. c4 e5 3. d5 Bb4+ 4. Bd2 Bxd2+ 5. Nxd2 d6 6. e4 0-0 7. Ne2 a5 8. Ng3 Na6 9. Bd3 Nc5 10. Bc2 Bd7 11. 0-0 Re8 12. b3 b5 13. Qe2 Qb8 14. h3 Qb6 15. Qe3 Qa6 16. Rab1 bxc4 17. bxc4 a4 18. f3 h6 19. f4 Qa5 20. fxe5 Rxe5 21. Rxf6 gxf6 22. Qxh6 Qc3 23. Nf3 Rg5 24. Nxg5 Qe3+ 25. Kh2 Qxg5 26. Qh5 Kg7 27. Qf3 Rh8 28. Rf1 Qe5 29. Kh1 Rh4 30. Rf2 Qg5 31. e5 dxe5 32. Bf5 Rf4 33. Nh5+ Qxh5 34. Qxh5 Rxf2 35. Qg4+ Kf8 36. Bxd7 Rf4 37. Qd1 Rd4 38. Qc2 Nxd7 39. Qxa4 Nb6 40. Qc6 Kg7 41. Qxc7 Nxc4 42. a4 Kg6 43. a5 Rxd5 44. a6 Ne3 45. a7 Rd1+ 46. Kh2 Nf1+ 47. Kg1 e4 48. a8Q Kg7 49. Qc2 1-0

[Event "Santo Domingo Gesta Catorce op"]
[Site "Santo Domingo"]
[Date "2016.07.02"]
[Round "6"]
[White "Agramonte Ramirez, Jorge Luis"]
[Black "Rodriguez Ramirez, Wilfredo"]
[Result "0-1"]
[WhiteElo "1713"]
[BlackElo "1817"]
[PlyCount "74"]
[EventDate "2016.06.24"]
[EventType "swiss"]
[EventRounds "8"]
[EventCountry "DOM"]
[SourceTitle "EXT 2017"]
[Source "ChessBase"]
[SourceDate "2016.10.25"]
[SourceVersion "1"]
[SourceVersionDate "2016.10.25"]
[SourceQuality "1"]

1. d4 d5 2. c4 c6 3. Nc3 Bf5 4. cxd5 cxd5 5. Qb3 Nc6 6. e3 e6 7. Qxb7 Rc8 8. Bb5 Qd7 9. Qxd7+ Kxd7 10. Nf3 f6 11. Bd2 Bb4 12. Na4 Bd6 13. 0-0 Nge7 14. Rac1 Rb8 15. Nc5+ Bxc5 16. Rxc5 Kd6 17. Rfc1 Rhc8 18. Bxc6 Rxc6 19. b3 e5 20. b4 e4 21. Ne1 Ra6 22. R1c2 Bd7 23. Rb2 Bb5 24. Nc2 Ra4 25. f3 f5 26. Be1 Rb7 27. Bg3+ Ke6 28. a3 Bd3 29. Rb3 a5 30. b5 Rc4 31. Ne1 Rxc5 32. dxc5 Rxb5 33. Rc3 Rb1 34. Kf2 Rb2+ 35. Kg1 Bc4 36. Nc2 Rb1+ 37. Kf2 Rf1# 0-1

[Event "Santo Domingo Gesta Catorce op"]
[Site "Santo Domingo"]
[Date "2016.07.01"]
[Round "5"]
[White "Rodriguez Ramirez, Wilfredo"]
[Black "Reyes Rodriguez, Jhohansen"]
[Result "1-0"]
[WhiteElo "1817"]
[BlackElo "1492"]
[PlyCount "89"]
[EventDate "2016.06.24"]
[EventType "swiss"]
[EventRounds "8"]
[EventCountry "DOM"]
[SourceTitle "EXT 2017"]
[Source "ChessBase"]
[SourceDate "2016.10.25"]
[SourceVersion "1"]
[SourceVersionDate "2016.10.25"]
[SourceQuality "1"]

1. d4 d5 2. c4 e5 3. e3 dxc4 4. Bxc4 exd4 5. exd4 Nf6 6. Nf3 Bb4+ 7. Nc3 0-0 8. 0-0 Bg4 9. Be3 Nbd7 10. Nb1 Nb6 11. Bd3 Nbd5 12. a3 Ba5 13. b4 Bb6 14. Nbd2 Re8 15. Re1 c6 16. Qc2 h6 17. Ne5 Bc7 18. Ndf3 Bxf3 19. Nxf3 Ng4 20. Qd2 Qd6 21. g3 Re7 22. Nh4 Ngxe3 23. fxe3 g6 24. Bc4 Rae8 25. Ng2 b5 26. Bb3 Qd8 27. Re2 a5 28. Rf1 axb4 29. axb4 Qd6 30. Bxd5 Qxd5 31. Qc3 Bd6 32. Rc1 Rc8 33. Qd3 Bxb4 34. e4 Qd7 35. Nf4 Rd8 36. d5 g5 37. Nh5 Qa7+ 38. Kg2 Kf8 39. Rxc6 Qb7 40. Rxh6 Re5 41. Qf3 Rd6 42. Rh8+ Ke7 43. Ng7 Rd8 44. Rh7 Kd6 45. Qf6+ 1-0

[Event "Santo Domingo Summer op"]
[Site "Santo Domingo"]
[Date "2015.07.19"]
[Round "4"]
[White "Nova Ramirez, Presley Eury"]
[Black "Rodriguez Ramirez, Wilfredo"]
[Result "1-0"]
[WhiteElo "1922"]
[BlackElo "1806"]
[PlyCount "69"]
[EventDate "2015.07.17"]
[EventType "swiss"]
[EventRounds "8"]
[EventCountry "DOM"]
[SourceTitle "EXT 2016"]
[Source "ChessBase"]
[SourceDate "2015.10.08"]
[SourceVersion "1"]
[SourceVersionDate "2015.10.08"]
[SourceQuality "1"]

1. e4 e5 2. Nf3 Nc6 3. Bb5 Bc5 4. 0-0 d6 5. d4 exd4 6. Nxd4 Nge7 7. Bg5 f6 8. Bh4 Bxd4 9. Qxd4 0-0 10. Qd2 Kh8 11. Nc3 Ng6 12. Bg3 Nce5 13. f4 Ng4 14. h3 Nh6 15. f5 Ne5 16. Bf4 Nhf7 17. Kh2 c6 18. Bd3 Qe8 19. Rae1 b6 20. Qf2 Nd8 21. Qh4 Bb7 22. Re3 d5 23. Rg3 Ndf7 24. Re1 d4 25. Ne2 c5 26. Ng1 c4 27. Bf1 Rd8 28. Nf3 Qa4 29. b3 cxb3 30. axb3 Qa2 31. Nxe5 Nxe5 32. Bxe5 fxe5 33. Qe7 Rg8 34. f6 h6 35. Rxg7 1-0

[Event "Santo Domingo op U2100 2nd"]
[Site "Santo Domingo"]
[Date "2015.06.27"]
[Round "6"]
[White "De Leon, Julio Cesar"]
[Black "Rodriguez Ramirez, Wilfredo"]
[Result "1-0"]
[WhiteElo "1608"]
[BlackElo "1913"]
[PlyCount "125"]
[EventDate "2015.06.19"]
[EventType "swiss"]
[EventRounds "8"]
[EventCountry "DOM"]
[SourceTitle "CBM 167 Extra"]
[Source "ChessBase"]
[SourceDate "2015.09.14"]
[SourceVersion "1"]
[SourceVersionDate "2015.09.14"]
[SourceQuality "1"]

1. d4 c5 2. Nf3 cxd4 3. Nxd4 Nc6 4. c4 g6 5. Nc3 Bg7 6. e3 Nf6 7. Bd3 Nb4 8. Bb1 0-0 9. a3 Nc6 10. 0-0 b6 11. Ne4 Bb7 12. Nxf6+ Bxf6 13. b3 Bg7 14. Bb2 a6 15. Be4 e6 16. Qb1 Qh4 17. g3 Qh3 18. Nxc6 Bxc6 19. Bxc6 dxc6 20. Bxg7 Kxg7 21. Qe4 Rac8 22. Rad1 Qh5 23. Rd6 Qc5 24. Qd4+ Qxd4 25. Rxd4 Rfd8 26. Rfd1 Rxd4 27. Rxd4 Rc7 28. Kg2 b5 29. c5 a5 30. Kf3 Kf8 31. Ke4 Ke7 32. g4 h6 33. f4 Rd7 34. Rxd7+ Kxd7 35. Ke5 Ke7 36. g5 h5 37. h4 a4 38. b4 Kd7 39. Kf6 Ke8 40. e4 Kf8 41. f5 exf5 42. exf5 gxf5 43. Kxf5 Ke7 44. Ke5 Kd7 45. Kf6 Ke8 46. g6 Kf8 47. Kg5 Kg7 48. gxf7 Kxf7 49. Kxh5 Ke6 50. Kg4 Kd5 51. h5 Kc4 52. h6 Kb3 53. h7 Kxa3 54. h8Q Kxb4 55. Qb2+ Kxc5 56. Qa3+ Kc4 57. Kf4 b4 58. Qxa4 c5 59. Qc2+ Kb5 60. Ke4 Kc6 61. Qc4 Kb6 62. Kd5 Ka5 63. Kxc5 1-0

[Event "Santo Domingo op U2100 2nd"]
[Site "Santo Domingo"]
[Date "2015.06.26"]
[Round "5"]
[White "Rodriguez Ramirez, Wilfredo"]
[Black "Araujo Sanchez, Josue"]
[Result "1-0"]
[WhiteElo "1913"]
[BlackElo "1707"]
[PlyCount "51"]
[EventDate "2015.06.19"]
[EventType "swiss"]
[EventRounds "8"]
[EventCountry "DOM"]
[SourceTitle "CBM 167 Extra"]
[Source "ChessBase"]
[SourceDate "2015.09.14"]
[SourceVersion "1"]
[SourceVersionDate "2015.09.14"]
[SourceQuality "1"]

1. d4 c5 2. c3 Nf6 3. Nf3 cxd4 4. cxd4 d5 5. Bg5 e6 6. Bxf6 Qxf6 7. g3 g6 8. Bg2 Bg7 9. 0-0 0-0 10. Nbd2 Nc6 11. Nb3 b6 12. Rc1 Bb7 13. Qd2 Qe7 14. Rc3 Rac8 15. Rfc1 Rc7 16. e3 Rfc8 17. a3 h6 18. Bf1 Nd8 19. Bd3 Rxc3 20. Rxc3 Rxc3 21. Qxc3 Nc6 22. Bb5 Qd6 23. Nc1 a6 24. Ba4 b5 25. Bc2 Ne7 26. Nd3 1-0